Vista normal Vista MARC

Entrada Topical Term

Número de registros utilizados en: 2

001 - CONTROL NUMBER

  • control field: 65882

003 - CONTROL NUMBER IDENTIFIER

  • control field: OSt

005 - DATE AND TIME OF LATEST TRANSACTION

  • control field: 20251022160718.0

008 - FIXED-LENGTH DATA ELEMENTS

  • fixed length control field: 251022|| aca||aabn | a|a d

040 ## - CATALOGING SOURCE

  • Original cataloging agency: OSt
  • Transcribing agency: OSt

150 ## - HEADING--TOPICAL TERM

  • Topical term or geographic name entry element: Juegos en la enseñanza de las matemáticas

670 ## - SOURCE DATA FOUND

  • Source citation: Work cat.: (OSt)59536: Vasco Uribe, Carlos Eduardo 1937-2022 aut 65881, El zoológico numérico /









Instituto Departamental de Cultura del Meta - Red Departamental de Bibliotecas Públicas del Meta.